01034ngm a2200265 a 450000500170000000800410001708200170005824500740007525000190014930000620016849000140023050000900024465000650033465000380039965000460043765000480048370000370053194200200056826400420058833600270063033700330065733800280069004000350071899900150075320220317001250.0160825s1993 ck g 000 0 spa 04a791.43bM14t10aTodos somos estrellascdirección Felipe Degregorihvideograbación a1a. edición  a1 videocasete en VHS (88 minutos)bsonido, color c20 cm  aLa maleta aLa película pertenece a la colección La Maleta. Dirigida para un público adulto142LEMBaPelículas cinematográficas peruanasvVideocasetes 142LEMBaCine peruanovVideocasetes 142LEMBaCine latinoamericanovVideocasetes 142LEMB aPelículas cómicasvVideocasetes 1 aDegregori, Feliped1954- 968508 2ddccVIDEOCASET aBogotábMinisterio de Culturac1993 atextobtxt2rdacontent asin mediaciónbn2rdamedia avolumenbnc2rdacarrier aCO-BoRNBPbspaerdacCO-BoRNBP c6435d6435